Geografía humana en diagramas
محفوظ في:
| المؤلف الرئيسي: | |
|---|---|
| التنسيق: | كتاب |
| اللغة: | الإسبانية |
| منشور في: |
Madrid
Ediciones Akal S.A
1992
|
| الطبعة: | 1a. ed |
| سلاسل: | Grupo Diagrama
|
| الموضوعات: | |
| الوسوم: |
إضافة وسم
لا توجد وسوم, كن أول من يضع وسما على هذه التسجيلة!
|
MARC
| LEADER | 00000cam a2200000 a 4500 | ||
|---|---|---|---|
| 001 | UCC8562 | ||
| 003 | CL-VaPUC | ||
| 008 | 190712e19920000sp |||||||||||||||||spa|d | ||
| 020 | |a 8446000806 | ||
| 082 | 0 | 4 | |a 304.2 |b MOR |2 21 |
| 100 | |a Morrish, Michael |e autor |9 603222 | ||
| 245 | 1 | 0 | |a Geografía humana en diagramas |
| 250 | |a 1a. ed | ||
| 300 | |a pág. irreg | ||
| 942 | |c BK | ||
| 945 | |d 20190712 00:10:00 |a dcastane | ||
| 260 | |a Madrid |b Ediciones Akal S.A |c 1992 | ||
| 650 | 0 | |a Geografía humana |9 267193 | |
| 650 | 0 | |a Geografía urbana |9 267904 | |
| 650 | 0 | |a Gráficos |9 351109 | |
| 650 | 7 | |a DIAGRAMAS |2 CL-VaPUC |9 338544 | |
| 583 | |a last modification |c 20190712 00:10:00 |k Rodrigo Vera | ||
| 490 | 0 | |a Grupo Diagrama | |
| 999 | |c 374840 |d 374838 | ||
| 952 | |0 0 |1 0 |3 erb |4 0 |6 304_200000000000000_MOR_1992 |7 0 |8 A |9 493579 |a BIBING |b BIBING |i 3430502 |o 304.2 MOR 1992 |p 3430502 |r 2025-01-20 |w 2019-11-24 |y BK |z Catalogado en:20190712 |k GEO | ||